[Event "69. Corus Chess 2007 GM-C"]
[Site "Wijk aan Zee NED"]
[Date "2007.01.13"]
[Round "1.3"]
[White "Kosintseva, Nadezhda"]
[Black "Hou Yifan"]
[Result "0-1"]
[WhiteElo "2496"]
[BlackElo "2509"]
[PlyCount "78"]
[EventDate "2007.01.13"]
[EventType "tourn"]
[EventRounds "13"]
[EventCountry "NED"]
[EventCategory "10"]
[Source "lmi"]
[SourceDate "2007.01.13"]

1. e4 e6 2. d4 d5 3. Nc3 Nf6 4. e5 Nfd7 5. f4 c5 6. Nf3 Nc6 7. Be3 cxd4 8. Nxd4
Bc5 9. Qd2 O-O 10. O-O-O a6 11. Kb1 Nxd4 12. Bxd4 b5 13. Qe3 Qc7 14. Bd3 Bxd4
15. Qxd4 Rb8 16. Ne2 b4 17. Qe3 Nc5 18. Ng3 Nxd3 19. Rxd3 a5 20. Nh5 Ba6 21.
Rd4 Rb6 22. Qg3 f5 23. exf6 g6 24. Qg5 Rc6 25. Rc1 Qf7 26. g4 h6 27. Qe5 gxh5
28. g5 hxg5 29. fxg5 Rfc8 30. Rd2 Qg6 31. Rf2 Kf7 32. Qd4 Bd3 33. Ka1 Qxg5 34.
Re1 Rxc2 35. Rxc2 Rxc2 36. Qa7+ Kxf6 37. Qd4+ e5 38. Qb6+ Kf5 39. Rb1 Qc1 0-1

[Event "69. Corus Chess 2007 GM-C"]
[Site "Wijk aan Zee NED"]
[Date "2007.01.13"]
[Round "1.5"]
[White "Van der Wiel, John TH"]
[Black "Peng, Zhaoqin"]
[Result "1/2-1/2"]
[WhiteElo "2511"]
[BlackElo "2431"]
[PlyCount "71"]
[EventDate "2007.01.13"]
[EventType "tourn"]
[EventRounds "13"]
[EventCountry "NED"]
[EventCategory "10"]
[Source "lmi"]
[SourceDate "2007.01.13"]

1. e4 e6 2. d4 d5 3. Nd2 c5 4. exd5 exd5 5. Ngf3 Nf6 6. Bb5+ Bd7 7. Bxd7+ Nbxd7
8. O-O Be7 9. dxc5 Nxc5 10. Re1 O-O 11. Nf1 Re8 12. Be3 a5 13. Qe2 Qd7 14. c3
b5 15. Rad1 Bf8 16. Qc2 Rac8 17. Bd4 Nce4 18. Qb1 Qb7 19. Ne3 b4 20. cxb4 Bxb4
21. Re2 Bf8 22. h3 a4 23. Qd3 Red8 24. Rc2 h6 25. Rxc8 Rxc8 26. Ne5 Bc5 27. f3
Bxd4 28. Qxd4 Ng3 29. Kf2 Nfh5 30. Nd3 Qb8 31. Qxa4 Qb6 32. Qb3 Qa7 33. Re1 Nf5
34. Qa3 Rc2+ 35. Kg1 Qd4 36. Nf2 1/2-1/2

[Event "69. Corus Chess 2007 GM-C"]
[Site "Wijk aan Zee NED"]
[Date "2007.01.13"]
[Round "1.6"]
[White "Berg, Emanuel"]
[Black "Van Haastert, Edwin"]
[Result "1-0"]
[WhiteElo "2586"]
[BlackElo "2391"]
[PlyCount "67"]
[EventDate "2007.01.13"]
[EventType "tourn"]
[EventRounds "13"]
[EventCountry "NED"]
[EventCategory "10"]
[Source "lmi"]
[SourceDate "2007.01.13"]

1. e4 c5 2. Nf3 d6 3. d4 cxd4 4. Nxd4 Nf6 5. Nc3 g6 6. Be3 Bg7 7. f3 O-O 8. Qd2
Nc6 9. Bc4 Bd7 10. Bb3 Rc8 11. O-O-O Ne5 12. Kb1 Re8 13. Bh6 Nc4 14. Bxc4 Rxc4
15. Bxg7 Kxg7 16. g4 e5 17. Nde2 Rc6 18. h4 h5 19. g5 Nh7 20. f4 Qa5 21. fxe5
Rxe5 22. Nd4 Ra6 23. Nb3 Qd8 24. Qf4 f6 25. gxf6+ Qxf6 26. Qg3 Be6 27. Rhf1 Qe7
28. Nd4 Nf6 29. Nf5+ Bxf5 30. exf5 Ng4 31. Nd5 Qf7 32. fxg6 Qxg6 33. Qf4 Re8
34. Nc7 1-0

[Event "69. Corus Chess 2007 GM-C"]
[Site "Wijk aan Zee NED"]
[Date "2007.01.14"]
[Round "2.1"]
[White "Willemze, Thomas"]
[Black "Jonkman, Harmen"]
[Result "0-1"]
[WhiteElo "2393"]
[BlackElo "2425"]
[PlyCount "88"]
[EventDate "2007.01.13"]
[EventType "tourn"]
[EventRounds "13"]
[EventCountry "NED"]
[EventCategory "10"]
[Source "lmi"]
[SourceDate "2007.01.13"]

1. e4 e5 2. Nf3 Nc6 3. d4 exd4 4. Nxd4 Bc5 5. Be3 Qf6 6. Nb5 Bxe3 7. fxe3 Qh4+
8. g3 Qd8 9. Qg4 g5 10. N1c3 Ne5 11. Qe2 a6 12. Nd4 d6 13. Qf2 Qf6 14. Nd5
Qxf2+ 15. Kxf2 Kd8 16. h4 g4 17. Rd1 Be6 18. Nf4 Ke7 19. Bg2 Nf6 20. b3 Rhe8
21. Rhf1 Bd7 22. Kg1 Bc6 23. Nd3 Bd7 24. Rf2 Be6 25. Rdf1 Nfd7 26. Nf4 b5 27.
Nf5+ Bxf5 28. Nd5+ Kd8 29. exf5 c6 30. Nb4 Kc7 31. c4 bxc4 32. Rc2 a5 33. Nxc6
Nxc6 34. Rxc4 Nde5 35. Bxc6 Nxc6 36. Rfc1 Ra6 37. Rxg4 Rxe3 38. Rg7 Kd8 39.
Rxf7 Rxg3+ 40. Kf2 Rg4 41. f6 Ne5 42. Rxh7 d5 43. f7 Rf6+ 44. Ke3 Rf3+ 0-1

[Event "69. Corus Chess 2007 GM-C"]
[Site "Wijk aan Zee NED"]
[Date "2007.01.14"]
[Round "2.2"]
[White "Van Haastert, Edwin"]
[Black "Bosboom, Manuel"]
[Result "0-1"]
[WhiteElo "2391"]
[BlackElo "2375"]
[PlyCount "82"]
[EventDate "2007.01.13"]
[EventType "tourn"]
[EventRounds "13"]
[EventCountry "NED"]
[EventCategory "10"]
[Source "lmi"]
[SourceDate "2007.01.13"]

1. e4 c5 2. Nf3 d6 3. d4 cxd4 4. Nxd4 Nf6 5. Nc3 a6 6. Be3 e6 7. f3 h5 8. Qd2
Nbd7 9. Bc4 Ne5 10. Bb3 Qc7 11. O-O-O Be7 12. Bg5 Bd7 13. f4 Nc6 14. Nxc6 Bxc6
15. f5 exf5 16. exf5 O-O 17. Rhe1 Rfe8 18. Qf4 b5 19. Re3 b4 20. Qxb4 d5 21.
Qh4 Rad8 22. Rg3 Bd6 23. Rgd3 Be5 24. Ne2 Bb5 25. Rc3 Bxc3 26. Nxc3 Bc4 27.
Bxf6 gxf6 28. Qxf6 Qf4+ 29. Kb1 Rd6 30. Qd4 Qxd4 31. Rxd4 Re1+ 32. Nd1 Rf6 33.
Kc1 Rxf5 34. Bxc4 dxc4 35. Kd2 Rg1 36. Ne3 Rf2+ 37. Kc3 f5 38. Rd7 Kf8 39. Kxc4
f4 40. Nd5 Rgxg2 41. c3 f3 0-1

[Event "69. Corus Chess 2007 GM-C"]
[Site "Wijk aan Zee NED"]
[Date "2007.01.14"]
[Round "2.5"]
[White "Hou Yifan"]
[Black "Krasenkow, Michal"]
[Result "0-1"]
[WhiteElo "2509"]
[BlackElo "2651"]
[PlyCount "92"]
[EventDate "2007.01.13"]
[EventType "tourn"]
[EventRounds "13"]
[EventCountry "NED"]
[EventCategory "10"]
[Source "lmi"]
[SourceDate "2007.01.13"]

1. e4 g6 2. d4 Bg7 3. Nc3 c6 4. Nf3 d6 5. Be3 Nf6 6. Qd2 Bg4 7. h3 Bxf3 8. gxf3
Nbd7 9. f4 Qa5 10. Bg2 e5 11. fxe5 dxe5 12. dxe5 Nxe5 13. Qe2 Qb4 14. O-O Qxb2
15. Bd4 Nh5 16. Rab1 Qa3 17. Rxb7 O-O 18. Rb3 Qe7 19. Be3 f5 20. exf5 Rxf5 21.
Rfb1 Nf4 22. Rb8+ Rf8 23. Rxf8+ Qxf8 24. Bxf4 Qxf4 25. Nd5 Qf7 26. f4 Re8 27.
fxe5 cxd5 28. Rd1 d4 29. Rxd4 Bxe5 30. Re4 Qxa2 31. Qc4+ Qxc4 32. Rxc4 Rd8 33.
Be4 Bd4+ 34. Kg2 Bb6 35. Bd3 Kg7 36. Rc6 Rd5 37. Kf3 Rh5 38. Kg4 Kh6 39. Re6
Bd8 40. Rd6 Bc7 41. Rd7 Rc5 42. Be4 a5 43. Bd5 Rc3 44. Kh4 Bg3+ 45. Kg4 Be5 46.
Kh4 Rg3 0-1

[Event "69. Corus Chess 2007 GM-C"]
[Site "Wijk aan Zee NED"]
[Date "2007.01.14"]
[Round "2.6"]
[White "Spoelman, Wouter"]
[Black "Kosintseva, Nadezhda"]
[Result "1-0"]
[WhiteElo "2414"]
[BlackElo "2496"]
[PlyCount "55"]
[EventDate "2007.01.13"]
[EventType "tourn"]
[EventRounds "13"]
[EventCountry "NED"]
[EventCategory "10"]
[Source "lmi"]
[SourceDate "2007.01.13"]

1. e4 c5 2. Nf3 d6 3. d4 cxd4 4. Nxd4 Nf6 5. Nc3 Nc6 6. Bg5 e6 7. Qd3 Be7 8.
O-O-O O-O 9. f4 Qb6 10. Ndb5 Rd8 11. Qg3 Ne8 12. Bxe7 Nxe7 13. Bc4 Qc5 14. Bb3
Bd7 15. Nd4 b5 16. f5 exf5 17. Rhe1 Nf6 18. e5 f4 19. Qg5 Ng6 20. Bxf7+ Kxf7
21. Nb3 Qc6 22. exf6 gxf6 23. Qh6 Rh8 24. Nd4 Qa6 25. Nd5 Rae8 26. Rxe8 Bxe8
27. Re1 Qb7 28. Nf5 1-0

[Event "69. Corus Chess 2007 GM-C"]
[Site "Wijk aan Zee NED"]
[Date "2007.01.15"]
[Round "3.2"]
[White "Kosintseva, Nadezhda"]
[Black "Brynell, Stellan"]
[Result "1-0"]
[WhiteElo "2496"]
[BlackElo "2501"]
[PlyCount "133"]
[EventDate "2007.01.13"]
[EventType "tourn"]
[EventRounds "13"]
[EventCountry "NED"]
[EventCategory "10"]
[Source "lmi"]
[SourceDate "2007.01.13"]

1. e4 e6 2. d4 d5 3. Nc3 Nf6 4. e5 Nfd7 5. f4 c5 6. Nf3 Nc6 7. Be3 cxd4 8. Nxd4
Bc5 9. Qd2 O-O 10. O-O-O a6 11. Qf2 Bxd4 12. Bxd4 b5 13. Be3 b4 14. Na4 a5 15.
h4 Ba6 16. h5 Bxf1 17. Rhxf1 f6 18. h6 g6 19. exf6 Nxf6 20. Qe2 Ne4 21. Qd3 Qc7
22. g4 Rac8 23. Kb1 Ne7 24. Rc1 Qc6 25. b3 Nc3+ 26. Nxc3 Qxc3 27. Bd2 Qxd3 28.
cxd3 Kf7 29. Kb2 d4 30. a3 Nd5 31. axb4 Nxb4 32. Bxb4 axb4 33. Rxc8 Rxc8 34.
Ra1 g5 35. fxg5 Kg6 36. Ra7 Kxg5 37. Rxh7 Rc3 38. Re7 Rxd3 39. Rxe6 Rd2+ 40.
Kc1 Rh2 41. Re4 d3 42. Rxb4 Kxh6 43. Rd4 Kg5 44. Rxd3 Kxg4 45. Rd2 Rh8 46. Kc2
Rc8+ 47. Kb2 Kf4 48. Rd5 Ke4 49. Ra5 Kd4 50. Ka3 Kc3 51. b4 Kc4 52. Ka4 Rb8 53.
Rc5+ Kd4 54. Rc6 Kd5 55. b5 Ra8+ 56. Kb4 Ra1 57. Rh6 Ra2 58. b6 Rb2+ 59. Ka5
Kc5 60. Ka6 Ra2+ 61. Kb7 Rg2 62. Ka7 Ra2+ 63. Kb8 Kb5 64. b7 Rg2 65. Rd6 Kc5
66. Kc7 Rb2 67. Rd8 1-0

[Event "69. Corus Chess 2007 GM-C"]
[Site "Wijk aan Zee NED"]
[Date "2007.01.15"]
[Round "3.3"]
[White "Krasenkow, Michal"]
[Black "Spoelman, Wouter"]
[Result "1-0"]
[WhiteElo "2651"]
[BlackElo "2414"]
[PlyCount "55"]
[EventDate "2007.01.13"]
[EventType "tourn"]
[EventRounds "13"]
[EventCountry "NED"]
[EventCategory "10"]
[Source "lmi"]
[SourceDate "2007.01.13"]

1. Nf3 Nf6 2. c4 e6 3. Nc3 Bb4 4. g4 h6 5. Qc2 b6 6. a3 Be7 7. e4 Bb7 8. d4 d5
9. cxd5 exd5 10. e5 Ne4 11. Bb5+ c6 12. Nxe4 cxb5 13. Ng3 Nc6 14. Bd2 Qd7 15.
h3 b4 16. O-O Ba6 17. Rfe1 bxa3 18. bxa3 O-O 19. Bxh6 gxh6 20. e6 Qc8 21. Rac1
Bc4 22. Nf5 Bf6 23. exf7+ Kh8 24. Nd6 Qc7 25. Qg6 Bg7 26. Ng5 Bd3 27. Nf5 Bxf5
28. gxf5 1-0

[Event "69. Corus Chess 2007 GM-C"]
[Site "Wijk aan Zee NED"]
[Date "2007.01.15"]
[Round "3.4"]
[White "Van der Wiel, John TH"]
[Black "Hou Yifan"]
[Result "0-1"]
[WhiteElo "2511"]
[BlackElo "2509"]
[PlyCount "74"]
[EventDate "2007.01.13"]
[EventType "tourn"]
[EventRounds "13"]
[EventCountry "NED"]
[EventCategory "10"]
[Source "lmi"]
[SourceDate "2007.01.13"]

1. e4 c5 2. Nf3 d6 3. d4 cxd4 4. Nxd4 Nf6 5. Nc3 a6 6. Bg5 e6 7. f4 Qc7 8. Bxf6
gxf6 9. f5 Nc6 10. fxe6 fxe6 11. Be2 Nxd4 12. Qxd4 Qf7 13. Na4 Bd7 14. Nb6 Rd8
15. O-O Be7 16. Nxd7 Rxd7 17. Qc4 Rg8 18. Rf4 Rg5 19. Bg4 Re5 20. Qc8+ Bd8 21.
Raf1 Rc7 22. Qb8 Kd7 23. c4 Be7 24. Kh1 Qe8 25. Qa7 Qc8 26. Be2 b5 27. Qd4 bxc4
28. Rh4 f5 29. exf5 Rxe2 30. f6 Qg8 31. Rg4 Bxf6 32. Qf4 Qd8 33. Qf3 Re5 34.
Rf4 Be7 35. Rf7 Rcc5 36. Qb7+ Qc7 37. Qa8 Rf5 0-1

[Event "69. Corus Chess 2007 GM-C"]
[Site "Wijk aan Zee NED"]
[Date "2007.01.15"]
[Round "3.5"]
[White "Berg, Emanuel"]
[Black "Nepomniachtchi, Ian"]
[Result "1/2-1/2"]
[WhiteElo "2586"]
[BlackElo "2587"]
[PlyCount "81"]
[EventDate "2007.01.13"]
[EventType "tourn"]
[EventRounds "13"]
[EventCountry "NED"]
[EventCategory "10"]
[Source "lmi"]
[SourceDate "2007.01.13"]

1. e4 e6 2. d4 d5 3. Nc3 Nf6 4. Bg5 Bb4 5. e5 h6 6. Bc1 Ne4 7. Qg4 g6 8. Nge2
c5 9. a3 Ba5 10. b4 Nxc3 11. Nxc3 cxd4 12. Nb5 Bc7 13. Qxd4 Nc6 14. Nxc7+ Qxc7
15. Bb5 Bd7 16. Bxc6 Qxc6 17. Be3 Qa6 18. a4 Rc8 19. b5 Qa5+ 20. Bd2 Qb6 21.
Qd3 Rc4 22. O-O Qc7 23. Rfe1 Kf8 24. Qf3 Qd8 25. c3 Kg7 26. Be3 Qe7 27. Bxa7
Ra8 28. Qe3 Qh4 29. g3 Qg4 30. f3 Qf5 31. Ra2 g5 32. Rea1 d4 33. Bxd4 Rcxa4 34.
Rxa4 Rxa4 35. Rxa4 Qb1+ 36. Kg2 Bxb5 37. h4 Qc2+ 38. Kg1 Qd1+ 39. Kh2 Qc2+ 40.
Kg1 Qd1+ 41. Kh2 1/2-1/2

[Event "69. Corus Chess 2007 GM-C"]
[Site "Wijk aan Zee NED"]
[Date "2007.01.15"]
[Round "3.6"]
[White "Bosboom, Manuel"]
[Black "Peng, Zhaoqin"]
[Result "1-0"]
[WhiteElo "2375"]
[BlackElo "2431"]
[PlyCount "103"]
[EventDate "2007.01.13"]
[EventType "tourn"]
[EventRounds "13"]
[EventCountry "NED"]
[EventCategory "10"]
[Source "lmi"]
[SourceDate "2007.01.13"]

1. c4 e5 2. d3 Nc6 3. Nc3 Bc5 4. Nf3 d6 5. a3 a6 6. e3 Ba7 7. b4 Nf6 8. Bb2 O-O
9. Be2 Re8 10. Qc2 a5 11. b5 Ne7 12. h3 c6 13. g4 Nd7 14. h4 Qc7 15. Rg1 Nc5
16. h5 a4 17. Rd1 h6 18. g5 hxg5 19. Rxg5 f6 20. Rg1 Kf7 21. Nh4 Ne6 22. Qxa4
Bd7 23. Qb3 Bb6 24. Rg3 Rh8 25. a4 g5 26. hxg6+ Kg7 27. Nf3 Ba5 28. d4 Nf5 29.
dxe5 dxe5 30. Rg1 Nc5 31. Qc2 Nxa4 32. Kf1 Nxc3 33. Bxc3 Bxc3 34. b6 Qc8 35.
Qxc3 Be6 36. Nxe5 Qf8 37. Nf7 Rh2 38. c5 Qe7 39. Ng5 Bd5 40. e4 Ra2 41. Rg4 Nh6
42. Rf4 Kxg6 43. Qd3 Rh1+ 44. Kg2 Rxd1 45. Bxd1 Bc4 46. Qxc4 fxg5 47. Rf3 Rd2
48. Rd3 Rxd3 49. Qxd3 Qxc5 50. e5+ Nf5 51. Qe4 Qe7 52. Bc2 1-0

[Event "69. Corus Chess 2007 GM-C"]
[Site "Wijk aan Zee NED"]
[Date "2007.01.16"]
[Round "4.1"]
[White "Willemze, Thomas"]
[Black "Van Haastert, Edwin"]
[Result "0-1"]
[WhiteElo "2393"]
[BlackElo "2391"]
[PlyCount "86"]
[EventDate "2007.01.13"]
[EventType "tourn"]
[EventRounds "13"]
[EventCountry "NED"]
[EventCategory "10"]
[Source "lmi"]
[SourceDate "2007.01.13"]

1. e4 c5 2. Nf3 d6 3. d4 Nf6 4. Bb5+ Bd7 5. Bxd7+ Qxd7 6. dxc5 dxc5 7. Qxd7+
Nbxd7 8. Nc3 a6 9. e5 Ng4 10. Bf4 e6 11. h3 Nh6 12. Ne4 O-O-O 13. Bg5 Re8 14.
O-O-O Be7 15. g4 f5 16. exf6 Nxf6 17. Nxf6 Bxf6 18. Be3 Be7 19. Ne5 Rd8 20. Nd3
c4 21. Ne5 c3 22. bxc3 Rhf8 23. Nc4 Nf7 24. Bb6 Rxd1+ 25. Rxd1 Ng5 26. Kb2 Nxh3
27. Ne5 Nf4 28. Rd4 Nd5 29. Rc4+ Kb8 30. Nd7+ Ka8 31. Nxf8 Nxb6 32. Rf4 Bd6 33.
Rd4 e5 34. Rd3 Nc4+ 35. Ka1 b5 36. Nxh7 e4 37. Rh3 Bf4 38. Nf8 g5 39. Ne6 Bd2
40. Nc7+ Kb7 41. Nd5 a5 42. Nf6 e3 43. Rh7+ Kc6 0-1

[Event "69. Corus Chess 2007 GM-C"]
[Site "Wijk aan Zee NED"]
[Date "2007.01.16"]
[Round "4.2"]
[White "Peng, Zhaoqin"]
[Black "Jonkman, Harmen"]
[Result "1-0"]
[WhiteElo "2431"]
[BlackElo "2425"]
[PlyCount "161"]
[EventDate "2007.01.13"]
[EventType "tourn"]
[EventRounds "13"]
[EventCountry "NED"]
[EventCategory "10"]
[Source "lmi"]
[SourceDate "2007.01.13"]

1. Nf3 d5 2. d4 e6 3. c4 dxc4 4. e3 a6 5. a4 c5 6. Bxc4 Nf6 7. O-O Nc6 8. Qe2
Qc7 9. Nc3 Bd6 10. Bd2 O-O 11. Rac1 Rd8 12. h3 cxd4 13. exd4 Nxd4 14. Nxd4 Bh2+
15. Kh1 Rxd4 16. Ba2 Rxd2 17. Qxd2 Bf4 18. Ne2 Bxd2 19. Rxc7 Ba5 20. Rcc1 Bd7
21. Bb3 Bb6 22. Nc3 Bc6 23. Kg1 g5 24. Rfd1 g4 25. hxg4 Nxg4 26. Rd2 Kh8 27.
Bc2 f5 28. Bb3 Nxf2 29. Rxf2 Rg8 30. Rcc2 Rxg2+ 31. Kf1 Bxf2 32. Rxf2 Rxf2+ 33.
Kxf2 Bd7 34. a5 Kg7 35. Na4 Kf6 36. Nc5 Bc8 37. Ke3 Ke5 38. Nd3+ Kd6 39. Kd4 b6
40. axb6 Kc6 41. Nf4 Kxb6 42. Nxe6 Bb7 43. Bd1 Kb5 44. Be2+ Kb4 45. Nc5 Bg2 46.
Bc4 Ka5 47. Nxa6 Kb6 48. Nb4 h5 49. Nd5+ Ka7 50. Ne3 Be4 51. Be6 Kb6 52. Nxf5
Bf3 53. Nh4 Bd1 54. Bc4 Bg4 55. Bd3 Bd1 56. Kc4 Bg4 57. Be4 Be2+ 58. Kb4 Bg4
59. Bf3 Be6 60. Bxh5 Bd5 61. Bf3 Be6 62. Ng6 Bf7 63. Ne5 Be6 64. Nc4+ Kc7 65.
Kc5 Bg8 66. Nd6 Bb3 67. Nb5+ Kd7 68. Bg4+ Ke7 69. Nd4 Ba4 70. Nc6+ Kf6 71. b4
Kf7 72. Bd7 Kf6 73. Kd6 Bb5 74. Nd4 Ba6 75. Bb5 Bb7 76. Bc4 Bc8 77. b5 Bb7 78.
Be6 Bg2 79. b6 Bb7 80. Bc4 Ba8 81. Bd5 1-0

[Event "69. Corus Chess 2007 GM-C"]
[Site "Wijk aan Zee NED"]
[Date "2007.01.16"]
[Round "4.3"]
[White "Nepomniachtchi, Ian"]
[Black "Bosboom, Manuel"]
[Result "1-0"]
[WhiteElo "2587"]
[BlackElo "2375"]
[PlyCount "71"]
[EventDate "2007.01.13"]
[EventType "tourn"]
[EventRounds "13"]
[EventCountry "NED"]
[EventCategory "10"]
[Source "lmi"]
[SourceDate "2007.01.13"]

1. e4 c5 2. Nc3 d6 3. f4 e6 4. Nf3 a6 5. a4 Nf6 6. g3 Nc6 7. Bg2 Rb8 8. O-O Be7
9. h3 b5 10. axb5 axb5 11. d3 b4 12. Ne2 h5 13. b3 Bb7 14. Bb2 Qb6 15. Rf2 d5
16. e5 Nd7 17. f5 exf5 18. Nf4 Nd8 19. Nd2 h4 20. g4 c4 21. bxc4 Bc5 22. d4
Bxd4 23. Bxd4 Qxd4 24. cxd5 fxg4 25. Ne2 Qxe5 26. Nc4 Qe7 27. Nd4 Kf8 28. Qxg4
Nf6 29. Qf4 Ra8 30. Rxa8 Bxa8 31. Qb8 Bxd5 32. Nf5 Qe1+ 33. Rf1 Qe8 34. Qxb4+
Kg8 35. Ne7+ Kh7 36. Ne3 1-0

[Event "69. Corus Chess 2007 GM-C"]
[Site "Wijk aan Zee NED"]
[Date "2007.01.18"]
[Round "5.1"]
[White "Kosintseva, Nadezhda"]
[Black "Willemze, Thomas"]
[Result "0-1"]
[WhiteElo "2496"]
[BlackElo "2393"]
[PlyCount "142"]
[EventDate "2007.01.13"]
[EventType "tourn"]
[EventRounds "13"]
[EventCountry "NED"]
[EventCategory "10"]
[Source "lmi"]
[SourceDate "2007.01.13"]

1. e4 c6 2. d4 d5 3. e5 Bf5 4. Nd2 e6 5. Nb3 c5 6. dxc5 Bxc5 7. Nxc5 Qa5+ 8. c3
Qxc5 9. Nf3 Qc7 10. Bb5+ Nc6 11. Be3 Nge7 12. Bc5 Bg4 13. O-O Ng6 14. Bd6 Qb6
15. a4 Nh4 16. Be2 Bxf3 17. Bxf3 Nf5 18. a5 Nxa5 19. Qa4+ Nc6 20. Ba3 Rd8 21.
Rfe1 Rd7 22. Rad1 Qa5 23. Qb3 Nfe7 24. Ra1 Qd8 25. c4 Na5 26. Qa4 Nxc4 27. Bxe7
Qxe7 28. b3 Nb6 29. Qxa7 Nc8 30. Qd4 O-O 31. Be2 Rc7 32. Bd3 Qc5 33. Qh4 g6 34.
Re3 Qe7 35. Qd4 f5 36. b4 Rc6 37. Ree1 Qc7 38. h4 Kg7 39. Qf4 h6 40. Rac1 Qb6
41. b5 Rxc1 42. Rxc1 Qd8 43. Qd4 Nb6 44. Qc5 Rf7 45. Rc2 Nd7 46. Qd4 Qa5 47.
Kh2 Qe1 48. Re2 Qd1 49. Qe3 Qa4 50. f4 b6 51. Bc2 Qb4 52. Qg3 Kh7 53. Re3 Qd2
54. Bd3 Nc5 55. Rf3 Ra7 56. Re3 d4 57. Rf3 h5 58. Bb1 Ne4 59. Bxe4 fxe4 60. Rf2
Qe1 61. f5 exf5 62. e6 e3 63. Qb8 Rg7 64. Ra2 Qxh4+ 65. Kg1 Qe4 66. Ra8 Kh6 67.
Qh8+ Rh7 68. Qf8+ Kg5 69. Qd8+ Kg4 70. Ra4 e2 71. Rxd4 e1=Q+ 0-1

[Event "69. Corus Chess 2007 GM-C"]
[Site "Wijk aan Zee NED"]
[Date "2007.01.18"]
[Round "5.3"]
[White "Van der Wiel, John TH"]
[Black "Brynell, Stellan"]
[Result "1/2-1/2"]
[WhiteElo "2511"]
[BlackElo "2501"]
[PlyCount "93"]
[EventDate "2007.01.13"]
[EventType "tourn"]
[EventRounds "13"]
[EventCountry "NED"]
[EventCategory "10"]
[Source "lmi"]
[SourceDate "2007.01.13"]

1. e4 e6 2. d4 d5 3. Nd2 c5 4. exd5 exd5 5. Ngf3 Nc6 6. Bb5 Bd6 7. dxc5 Bxc5 8.
O-O Nge7 9. Nb3 Bd6 10. Re1 O-O 11. c3 h6 12. Be3 Bg4 13. h3 Bh5 14. Be2 Re8
15. Nfd4 Bg6 16. Bd3 Bxd3 17. Qxd3 Ne5 18. Qc2 Nc4 19. Rad1 Qd7 20. Nd2 Rad8
21. Qb3 Nxe3 22. Rxe3 Nc6 23. Rxe8+ Rxe8 24. N2f3 Bc5 25. Qb5 Bb6 26. a4 Re4
27. Nb3 Qe8 28. Kf1 d4 29. cxd4 Qd8 30. a5 Nxa5 31. Nxa5 Bxa5 32. Qxb7 Re7 33.
Qa6 Qd5 34. Rc1 Bb6 35. Qd3 g6 36. g3 Re6 37. Kg2 Rf6 38. Re1 Rd6 39. Re5 Qc6
40. Re4 f5 41. Qb3+ Kf8 42. Re2 Rxd4 43. Qe3 Kg8 44. Rc2 Qxc2 45. Qe8+ Kg7 46.
Qe7+ Kg8 47. Qe8+ 1/2-1/2

[Event "69. Corus Chess 2007 GM-C"]
[Site "Wijk aan Zee NED"]
[Date "2007.01.18"]
[Round "5.4"]
[White "Berg, Emanuel"]
[Black "Spoelman, Wouter"]
[Result "1-0"]
[WhiteElo "2586"]
[BlackElo "2414"]
[PlyCount "91"]
[EventDate "2007.01.13"]
[EventType "tourn"]
[EventRounds "13"]
[EventCountry "NED"]
[EventCategory "10"]
[Source "lmi"]
[SourceDate "2007.01.13"]

1. e4 c5 2. Nf3 d6 3. d4 cxd4 4. Nxd4 Nf6 5. Nc3 a6 6. Bg5 e6 7. f4 Be7 8. Qf3
Qc7 9. O-O-O Nbd7 10. Bd3 h6 11. Bh4 g5 12. fxg5 Ne5 13. Qe2 Nfg4 14. Nf3 hxg5
15. Bxg5 Bxg5+ 16. Nxg5 Qc5 17. Nh3 Bd7 18. Kb1 b5 19. Rde1 O-O-O 20. Nd1 Rdg8
21. Qd2 Bc6 22. Re2 Kb7 23. a3 Qb6 24. Qf4 a5 25. Ng5 b4 26. Nxf7 Rf8 27. Nxd6+
Kc7 28. Nf5 exf5 29. exf5 Re8 30. Rhe1 Qc5 31. h3 Kb6 32. axb4 axb4 33. hxg4
Nxd3 34. cxd3 Rxe2 35. Rxe2 Rh1 36. Qc1 Ba4 37. Re6+ Kb5 38. Nc3+ bxc3 39. Qxh1
Qf2 40. Re5+ Kb4 41. bxc3+ Ka3 42. Qc1+ Kb3 43. Qd1+ Ka3 44. Re2 Qb6+ 45. Ka1
Bc2 46. Qc1+ 1-0

[Event "69. Corus Chess 2007 GM-C"]
[Site "Wijk aan Zee NED"]
[Date "2007.01.18"]
[Round "5.5"]
[White "Bosboom, Manuel"]
[Black "Hou Yifan"]
[Result "1/2-1/2"]
[WhiteElo "2375"]
[BlackElo "2509"]
[PlyCount "196"]
[EventDate "2007.01.13"]
[EventType "tourn"]
[EventRounds "13"]
[EventCountry "NED"]
[EventCategory "10"]
[Source "lmi"]
[SourceDate "2007.01.13"]

1. c4 c5 2. Nf3 Nc6 3. e3 Nf6 4. d4 cxd4 5. exd4 d5 6. Nc3 e6 7. a3 Be7 8. Bd3
O-O 9. Bg5 dxc4 10. Bxc4 Nd5 11. h4 b6 12. Qd3 Bb7 13. Rd1 Bf6 14. Ne4 Be7 15.
Bb3 Rc8 16. Bd2 Na5 17. Neg5 Nf6 18. Bxa5 bxa5 19. Ne5 Bd5 20. Bc2 h6 21. Bb1
a4 22. Kf1 Qb6 23. Kg1 Qb3 24. Qe2 Rb8 25. Rd2 g6 26. Rh3 Qb5 27. Bd3 Qb7 28.
Nxg6 fxg6 29. Nxe6 Rfc8 30. Rg3 Be4 31. d5 Bd6 32. Bxe4 Bxg3 33. fxg3 Qb6+ 34.
Kh2 Rc1 35. Rd4 Qxb2 36. Bf3 Qxe2 37. Bxe2 Rbb1 38. g4 Rb2 39. Bf3 Rc3 40. Rf4
Nd7 41. Kg3 Rxa3 42. Rc4 Rd2 43. Kf4 Nb6 44. Rc7 Nxd5+ 45. Bxd5 Rxd5 46. Rg7+
Kh8 47. Rf7 g5+ 48. Ke4 Rad3 49. hxg5 hxg5 50. Rxa7 a3 51. Ra8+ Kh7 52. Nxg5+
Kg7 53. Nf3 Rd8 54. Ra5 Rb3 55. Ra7+ Kg8 56. g5 Rc8 57. Kf5 Rc2 58. Ra8+ Kg7
59. Ra7+ Kf8 60. Ra8+ Ke7 61. Ra7+ Kd6 62. Nd4 Rf2+ 63. Ke4 Rb4 64. Ra6+ Ke7
65. Ra7+ Kf8 66. Rxa3 Rxg2 67. Kf3 Rg1 68. Nc6 Rb6 69. Ne5 Rb5 70. Kf4 Re1 71.
Ra8+ Ke7 72. Ra7+ Ke6 73. Ra6+ Kd5 74. Nd7 Rf1+ 75. Kg4 Rg1+ 76. Kf4 Rf1+ 77.
Kg4 Kd4 78. Rd6+ Kc4 79. Rc6+ Kd5 80. Ra6 Rb7 81. Nf6+ Ke5 82. Ra5+ Ke6 83. Kh5
Kf7 84. Ne4 Rb2 85. Ra7+ Ke6 86. Kg6 Rb5 87. Ra6+ Ke5 88. Nd6 Rb8 89. Nf7+ Kd5
90. Rf6 Rh1 91. Kg7 Rh5 92. g6 Re8 93. Rd6+ Ke4 94. Ra6 Rb8 95. Ra4+ Kf3 96.
Ra3+ Kf4 97. Ra4+ Kf3 98. Ra3+ Kf4 1/2-1/2

[Event "69. Corus Chess 2007 GM-C"]
[Site "Wijk aan Zee NED"]
[Date "2007.01.18"]
[Round "5.6"]
[White "Jonkman, Harmen"]
[Black "Nepomniachtchi, Ian"]
[Result "0-1"]
[WhiteElo "2425"]
[BlackElo "2587"]
[PlyCount "98"]
[EventDate "2007.01.13"]
[EventType "tourn"]
[EventRounds "13"]
[EventCountry "NED"]
[EventCategory "10"]
[Source "lmi"]
[SourceDate "2007.01.13"]

1. e4 e6 2. d4 d5 3. e5 c5 4. c3 Qb6 5. Nf3 Bd7 6. a3 a5 7. Be2 Nc6 8. O-O Nh6
9. dxc5 Bxc5 10. Bxh6 gxh6 11. Qd2 a4 12. c4 dxc4 13. Nc3 Na5 14. Ne4 O-O-O 15.
Qf4 Bc6 16. Rac1 Kb8 17. Bxc4 Bxe4 18. Qxe4 Rc8 19. Rc2 Rhd8 20. Be2 Nb3 21.
Qxh7 Rc7 22. Rc4 Nd2 23. Nxd2 Rxd2 24. Qe4 Rxb2 25. Rxa4 Qb3 26. Ra5 Bxf2+ 27.
Kh1 Bb6 28. Rb5 Qxa3 29. Rxb2 Qxb2 30. h3 Bd4 31. Rd1 Rc1 32. Rxc1 Qxc1+ 33.
Kh2 Qb2 34. h4 Bxe5+ 35. Kh3 Qa1 36. Qf3 Qe1 37. Bf1 Kc8 38. g3 Bxg3 39. Bg2
Bc7 40. Qxb7+ Kd8 41. Qa8+ Ke7 42. Qa3+ Bd6 43. Qa7+ Kf8 44. Qa8+ Kg7 45. Qf3
Qe5 46. Bf1 Qh2+ 47. Kg4 h5+ 48. Kxh5 Qe5+ 49. Kg4 f5+ 0-1